Prólogo a la tercera Carta del Brasil (Registro nro. 24583)
[ vista simple ]
| 000 -LEADER | |
|---|---|
| fixed length control field | 00331 a2200109 4500 |
| 001 - CONTROL NUMBER | |
| control field | ART_9476 |
| 005 - DATE AND TIME OF LATEST TRANSACTION | |
| control field | 20260410161846.0 |
| 008 - FIXED-LENGTH DATA ELEMENTS--GENERAL INFORMATION | |
| fixed length control field | 260409a |
| 100 1# - MAIN ENTRY--PERSONAL NAME | |
| Personal name | Bacha, Edmar L. |
| 245 10 - TITLE STATEMENT | |
| Title | Prólogo a la tercera Carta del Brasil |
| 773 0# - HOST ITEM ENTRY | |
| Title | El trimestre económico |
| Related parts | - Vol. LI, Nº 203 (jul./set. 1984) |
| Record control number | REV6933 |
No hay ítems disponibles.